|
|
|
|
| LEADER |
00000cam a2200000 i 4500 |
| 001 |
1/57480 |
| 008 |
950811s1980 eng d |
| 020 |
|
|
|a 0582448719 ((pbk.))
|
| 035 |
|
|
|l 10028199
|
| 040 |
|
|
|a GR-MY-UA
|b gre
|e aacr
|
| 041 |
0 |
|
|a eng
|
| 082 |
0 |
|
|a 330.09
|
| 100 |
1 |
|
|a Gray, Alexander
|d 1882-1921.
|
| 245 |
1 |
4 |
|a The development of economic doctrine :
|b an introductory survey /
|c Alexander Gray
|
| 250 |
|
|
|a 2nd ed.
|
| 260 |
|
|
|a London :
|a New York :
|b Longman,
|c 1980
|
| 300 |
|
|
|a xvi, 474 σ.;
|c 19 εκ.
|
| 504 |
|
|
|a Βιβλιογραφία: σ. [450]-459
|
| 504 |
|
|
|a Περιλαμβάνει ευρετήριο
|
| 650 |
0 |
0 |
|a Economics
|x History.
|
| 650 |
0 |
0 |
|a Economists.
|
| 700 |
1 |
|
|a Thompson, Alan
|d 1924-
|
| 852 |
|
|
|a INST
|b CHIOS
|e 19950811
|h 330.09 GRA
|p 005200005995
|q 005200005995
|t BK
|y 0
|
| 909 |
|
|
|a Χ
|b 000672
|